000 00648nam1a22002171i 4500
001 rc\4047494
005 20240724143330.0
035 _a(NLR Aleph) 007958246
090 _a8382895
_c8382895
100 _a20130415d1950 |||y0rusy50 ca
101 0 _arus
102 _aRU
105 _ay j |||||
200 1 _a[Лекции]
_e1-2-
_fМ-во здрав. ТАССР. Респ. дом сан. просвещ.
210 _aКазань
_cТатгосиздат
_d1950
215 _d20
710 1 2 _aЗаочные курсы для матерей
801 0 _aRU
_bNLR
_gpsbo
801 1 _aRU
_bELAR
_2rusmarc
852 _aNLR
_jМд36 Г-4/97
942 _cBOOK